000 00513nam a2200205Ia 4500
003 OSt
005 20140403111745.0
008 140130s9999 xx 000 0 und d
020 _a0590442856
050 _aPZ 7
_b.B7633Cng 1987
100 _aBridwell, Norman
_923197
245 _cBridwell, Norman
_aClifford's manners /
260 _bScholastic,
_c1987.
_aNew York
300 _a28 p. :
_bcol. ill. ;
_c21 cm.
440 _v1
_930878
521 _aG2
526 _c300
942 _cBK
_2lcc
999 _c40124
_d40124